| 000 | 00798nam a22002653a 4500 | ||
|---|---|---|---|
| 005 | 20231128063941.0 | ||
| 008 | 011012s1997 mx fr 000 0 spa d | ||
| 020 | _a9701807375 | ||
| 035 | _aUPN01000112983 | ||
| 040 |
_aUPN _bspa _cUPN |
||
| 049 | _aCG | ||
| 050 | 4 |
_aE61 _bM3.6 1997 |
|
| 100 | 1 |
_aMartínez del Río, Pablo, _d1892-1963 |
|
| 245 | 1 | 0 |
_aOrígenes del hombre americano / _cPablo Martínez del Río ; presentación Lorena Mirambell S., Jaime Litvak K. |
| 250 | _a2a ed. | ||
| 260 |
_aMéxico : _bCNCA, _c1997. |
||
| 300 |
_a247 p. : _bil. |
||
| 440 | 0 | _aCien de México | |
| 650 | 4 |
_aIndígenas _xOrigen _946375 |
|
| 650 | 4 |
_aHOMBRE - _xMIGRACIONES |
|
| 650 | 4 |
_aETNOLOGIA - _zAMERICA _923954 |
|
| 902 | _bCarolina Alvarado/140922/M | ||
| 905 | _aLibro | ||
| 942 |
_2lcc _cLIBRO |
||
| 999 |
_c86891 _d86891 |
||